| 000 | 00394nam a22001337a 4500 | ||
|---|---|---|---|
| 008 | 230703b xxu||||| |||| 00| 0 eng d | ||
| 020 | _a0621299200 | ||
| 082 |
_a351.72968 _bRSA |
||
| 100 | _cDepartment of Finance Republic of South Africa | ||
| 245 | _aNational Expenditure Survey 2000 | ||
| 260 |
_bDepartment of Finance Republic of South Africa _cfeb 2000 |
||
| 300 | _a300p | ||
| 942 |
_2ddc _cBK |
||
| 999 |
_c3201 _d3201 |
||